00776nam a2200217 a 4500001001000000003000900010005001700019007000300036008004100039020001800080040002500098082001600123100002900139245009600168260006000264300002700324500008100351500006900432504002800501700002900529000040697DO-SdBNP20240308073620.0ta130905s2013 dr a 000 0 spa d a9789945006988 aDO-SdBNPbspacBNPHU axxxxbS787v1 aStanley, Avelino,d1959-10aValores en la vida de Juan Pablo Duarte /cAvelino Stanley ; ilustraciones Miguel Núñez aSanto Domingo, :bSuperintendencia de Pensiones,c2013. a91 p. :bil. ;c22 cm. aIncluye datos biográficos del autor y el ilustrador en las paginas 90 y 91 aEdición especial de la Superintendencia de Pensiones (SIPEN).  aBibliografía p: 81-8412aNúñez, Miguel eil.